How many major religions can you name - Statistics

General Stats
  • This quiz has been taken 463 times
  • The average score is 12 of 21
Answer Stats
Hint Answer % Correct
1. 2.1 Billion Members Christianity
99%
2. 1.3 Billion Members Islam
99%
4. 900 Million Members Hinduism
93%
20. 800 Thousand Members Unitarian Universalism
91%
12. 7 Million Members Bahá'í Faith
89%
6. 488 Million Members Buddhism
89%
13. 14 Million Members Judaism
88%
5. 394 Million Members Chinese (Traditional)
66%
19. 2 Million Members Tenrikyo
65%
15. 4 Million Members Shinto
62%
9. 23 Million Members Sikhism
60%
3. 1.1 Billion "Members" Secular, Atheist, Agnostic or Non religious
47%
14. 4.2 Million Members Jainism
46%
17. 2.6 Million Members Zoroastrianism
45%
18. 1 Million Members Neopaganism
39%
21. 600 Thousand Members Rastafarian Movement
26%
16. 4 Million Members Cao Dai
20%
8. 100 Million Members African Traditional/ Diasporic
12%
11. 15 Million Members Spiritism
10%
10. 19 Million Members Juche (North Korea)
4%
7. 300 Million Members Primal Indigenous
4%
No matching quizzes found
Score Distribution
Percent of People with Each Score
Percentile by Number Answered
Your Score History
You have not taken this quiz